000 00898nam a2200241Ia 4500
003 OSt
005 20220923220613.0
006 a|||||r|||| 00| 0
007 ta
008 220922b |||||||| |||| 00| 0 hin d
024 _a187,900
037 _cTextual
040 _aARTS
_cARTS
_bhin
041 _2hin
_ahin
082 _aV235.L, 152L6-;2 (TTV)
100 _aनडकर्णी, आर वी
245 0 _aमराठा साम्राज्य का उदय और अस्त, अनु हरिशंकर प्रसाद सिन्हा
246 _aMarāṭhā sāmrājya kā udaya aur asta, anu0 harishankar prasād sinhā
260 _aदिल्ली
_b मैकमिलन
_c1976
300 _a346 पृ.
_ccm.
942 _hV235.L, 152L6-;2 (TTV)
_cTEXL
_2CC
999 _c340976
_d340976